000 00599nam a22001937a 4500
005 20251108175014.0
008 250721s2011 xx 000 0 ara d
082 1 4 _a355.2/مشا
100 1 _aالمشاقبة، بسام عبدالرحمن
245 1 0 _aالمقاومة ومشروعيتها في الفكر الاسلامي /
264 1 _aعمان :
_bالمؤلف،
_c2011.
300 _a375ص.
650 1 7 _aالمقاومة
650 1 7 _aالثقافة الاسلامية
650 1 7 _aالاسلام
650 1 7 _aالفكر الاسلامي
942 _2ddc
_cBK
999 _c123747
_d123747